LEADER 00549nam a2200169 i 4500 001 000000155086 003 CaOOAMICUS 005 20061102000000.0 008 061102n it u000 u ita u 013 $a132435 040 $aSeMil$bita 245 10$aVolume 2. 300 $a251 p. 773 0 $aCostantini, Vincenzo$tPittura italiana del Seicento.$dMilano : Ceschina, stampa 1930.$g2$w()16729 850 $aSeMil 852 $aSeMil$W1$xVenegono$y1$m5P I 35$j106937$B106937$CSeMilBibl$Z2$F116198 $81 996 $6245$aVolume 2$9(OLS)http://semarc/title/11564 LEADER 00805nam a2200193 i 4500 001 000000234370 003 CaOOAMICUS 005 20141014000000.0 008 141014s1687 it u000 u fre u 013 $a213273 026 $asea- r-il itn- soav (3) 1687 (R) 040 $aSeMil$bita 245 10$aTome 6. 300 $a[48], 312, [8] p. 500 $aSegn. : A-Z8-4, Aa-Hh8-4. 773 0 $aVarillas, Antoine : de <1624-1696>$tHistoire des revolutions arrivées dans l'Europe en matière de Religion. Par ... Varillas. Tome 1. [-12.].$dA Paris : Chez Claude Barbin, au palais, sur le second Perron de la Sainte Chapelle, 1686-1689.$g6$w()30695 850 $aSeMil 852 $aSeMil$W1$xVenegono$y1$m3A I 137 FA$j184716$B184716$CSeMilBibl$Z2$F195707 $8I 996 $6245$aTome 6$9(OLS)http://semarc/title/1601